000 00687nam a2200229 i 4500
001 bgj
100 1 _aSWEENEY, Geraldine
245 1 0 _aWinners :
_bteacher's book /
_cGeraldine Sweeney ; Cathy Lawday ; Mark Hancock ; Joanna Spencer.
260 _aOxford :
_bOxford University Press,
_c2004.
300 _a143 pp :
_bill. ;
_c30 cm.
650 9 _aEnglish language
655 _aTextbooks for foreigners
700 1 _aLAWDAY, Cathy.
_eco-author
700 1 _aHANCOCK, Mark.
_eco-author
700 1 _aSPENCER, Joanna.
_eco-author
020 _a0194388026
040 _cBPK
041 0 _aeng
920 _a0-19-438802-6
942 _cKS
008 s uk f |000 0 eng
999 _c48953
_d48953